Welcome to CU Library Online Public Access Catalogue (OPAC)

Commercial law : (Record no. 550)

MARC details
000 -LEADER
fixed length control field 00817cam a2200229 a 4500
001 - CONTROL NUMBER
control field 17174884
005 - DATE AND TIME OF LATEST TRANSACTION
control field 20241102100204.0
008 - FIXED-LENGTH DATA ELEMENTS--GENERAL INFORMATION
fixed length control field 120221s2012 enk b 001 0 eng
020 ## - INTERNATIONAL STANDARD BOOK NUMBER
International Standard Book Number 9780521760645 (hardback)
020 ## - INTERNATIONAL STANDARD BOOK NUMBER
International Standard Book Number 9780521758024 (pbk.)
050 00 - LIBRARY OF CONGRESS CALL NUMBER
Classification number KD1629
Item number .R93 2012
082 00 - DEWEY DECIMAL CLASSIFICATION NUMBER
Classification number 346.4207
Edition information 23
100 1# - MAIN ENTRY--PERSONAL NAME
Personal name Ryder, Nicholas.
245 10 - TITLE STATEMENT
Title Commercial law :
Remainder of title principles and policy /
Statement of responsibility, etc. Nicholas Ryder, Margaret Griffiths, Lachmi Singh.
260 ## - PUBLICATION, DISTRIBUTION, ETC.
Place of publication, distribution, etc. Cambridge :
Name of publisher, distributor, etc. New York ; Cambridge University Press,
Date of publication, distribution, etc. 2012.
300 ## - PHYSICAL DESCRIPTION
Extent lvi, 596 p. ;
Dimensions 25 cm.
Other physical details Index
500 ## - GENERAL NOTE
General note This innovative textbook examines commercial law and the social and political context in which it develops.
650 #0 - SUBJECT ADDED ENTRY--TOPICAL TERM
Topical term or geographic name entry element Commercial law
Geographic subdivision England.
700 1# - ADDED ENTRY--PERSONAL NAME
Personal name Griffiths, Margaret.
700 1# - ADDED ENTRY--PERSONAL NAME
Personal name Singh, Lachmi.
942 ## - ADDED ENTRY ELEMENTS (KOHA)
Source of classification or shelving scheme Library of Congress Classification
Koha item type Books
Suppress in OPAC No
999 ## -
-- 550
-- 550
Holdings
Withdrawn status Lost status Source of classification or shelving scheme Damaged status Not for loan Collection Home library Current library Shelving location Date acquired Total checkouts Full call number Barcode Date last seen Copy number Price effective from Koha item type
    Library of Congress Classification     Non-fiction Law Library (Miotso) Law Library (Miotso) General stacks 11/02/2024   KD1629.R93 RYD llm00000549 11/02/2024 1 11/02/2024 Books
    Library of Congress Classification     Non-fiction Law Library (Miotso) Law Library (Miotso) General stacks 11/02/2024   KD1629.R93 RYD llm00000550 11/02/2024 2 11/02/2024 Books
© 2023-2024 Copyright: Central University Libraries. All Rights Reserved | Created by: Mahone Tech Office